| 000 | 00839nam a22002057a 4500 | ||
|---|---|---|---|
| 999 |
_c7056 _d7056 |
||
| 003 | AR-CdUCM | ||
| 008 | 190319b ||||| |||| 00| 0 spa d | ||
| 040 |
_aMUNICIPALIDAD PROVINCIAL DEL CUSCO _cBIBLIOTECA MUNICIPAL DEL CUSCO |
||
| 082 |
_a500.1063 / _bM94 |
||
| 100 |
_aMuñóz Ordóñez, José _95609 |
||
| 245 | _aLas ciencias naturales y la concepción del mundo de hoy / | ||
| 260 |
_aLima : _bIgnacio Prado Pastor editor, _c1979 |
||
| 300 |
_a283 paginas, _c20 cm. |
||
| 505 | _aContenido :La ciencia de la naturaleza en la antigüedad y el medioevo -- La matematizacion de la realidad -- La física del siglo XX -- El lenguaje del mundo -- La estructura de la materia ... | ||
| 650 |
_aCiencias naturales _910176 |
||
| 650 |
_aConcepción del mundo _919878 |
||
| 650 |
_aCongresos _92448 |
||
| 942 |
_2ddc _cLIBROS |
||
| 945 | _arum | ||